000 00571nam a2200181 a 4500
005 20140412111306.0
008 030415s19uu xx 00 eng d
020 _a971-08-3546-7
050 _aTR(PS E
_bBr72 1981
100 _aRaabe, Janis Asad
245 _aBrag, brag, brag /
_cby Janis Asad Raabe ; illustrated by Elaine Long.
260 _aCleveland, Ohio :
_bModern Curriculum Press, Inc,
_c1981.
300 _a8 p. ; ill.
440 _aPrimary Readers, Set 3, Blends
650 _aReading
_xJuvenile literature
650 _aChildren stories
999 _c103705
_d103705